000 00501nam a2200169 4500
001 116835
003 ES-MaACL
005 20230906190757.0
007 t|
008 061121s1961 sp r ||||1| spa d
100 1 _aPenassie, Huges.
_990152
245 1 0 _aHistoria del verdadero Jazz /
_cHuges Penassie ; traducción de Oriol Martorell.
260 _aBarcelona :
_bSeix Barral,
_c1961.
300 _a244 p. ;
_c18 cm.
700 1 _aMartorell, Oriol.
_978538
852 _aES-MaACL
_jF-15632
_bR.47958
999 _c116835
_d116835